| Tag |
First Indicator |
Second Indicator |
Subfields |
| LEADER |
00000nai a2200000 i 4500 |
| 001 |
in00004641908 |
| 006 |
m o d f |
| 007 |
cr m|||||||||| |
| 008 |
221025c20209999dcu x w o f0 2eng c |
| 005 |
20230113210915.7 |
| 010 |
|
|
|a 2022235644
|
| 035 |
|
|
|a (OCoLC)on1348645556
|
| 040 |
|
|
|a GPO
|b eng
|e rda
|e pn
|c GPO
|d MvI
|
| 042 |
|
|
|a pcc
|
| 043 |
|
|
|a n-us---
|
| 049 |
|
|
|a WWW
|
| 074 |
|
|
|a 0807-A-12 (online)
|
| 086 |
0 |
|
|a LC 14.25/2:IN 11549/
|
| 100 |
1 |
|
|a Sherlock, Molly F.,
|0 https://id.loc.gov/authorities/names/no2009201270
|e author.
|
| 245 |
1 |
0 |
|a Income shares, tax shares, and average tax rates across the income distribution /
|c Molly F. Sherlock.
|
| 250 |
|
|
|a [Library of Congress public edition].
|
| 264 |
|
1 |
|a [Washington, D.C.] :
|b Congressional Research Service,
|c 2020-
|
| 300 |
|
|
|a 1 online resource.
|
| 310 |
|
|
|a Updated irregularly
|
| 336 |
|
|
|a text
|b txt
|2 rdacontent
|
| 337 |
|
|
|a computer
|b c
|2 rdamedia
|
| 338 |
|
|
|a online resource
|b cr
|2 rdacarrier
|
| 490 |
1 |
|
|a IN ;
|v 11549
|
| 500 |
|
|
|a The CRS web page provides access to all versions published since 2018 in accordance with P.L. 115-141.
|
| 500 |
|
|
|a Report includes illustrations.
|
| 500 |
|
|
|a GPO Cataloging Record Distribution Program (CRDP).
|
| 588 |
0 |
|
|a Contents viewed October 5, 2022; title from CRS web page.
|
| 650 |
|
0 |
|a Taxation
|z United States.
|0 https://id.loc.gov/authorities/subjects/sh85132861
|
| 650 |
|
0 |
|a Income distribution
|0 https://id.loc.gov/authorities/subjects/sh85064765
|z United States.
|0 https://id.loc.gov/authorities/names/n78095330-781
|
| 710 |
2 |
|
|a Library of Congress.
|b Congressional Research Service,
|0 https://id.loc.gov/authorities/names/n79061321
|e issuing body.
|
| 773 |
0 |
8 |
|i Contained in (work):
|t CRS reports (Library of Congress. Congressional Research Service)
|w (DLC) 2018231131
|w (OCoLC)1052784408
|
| 830 |
|
0 |
|a Insight (Library of Congress. Congressional Research Service) ;
|0 https://id.loc.gov/authorities/names/no2020046109
|v IN11549.
|
| 856 |
4 |
0 |
|u https://purl.fdlp.gov/GPO/gpo187314
|t 0
|
| 999 |
f |
f |
|s f5dd1766-8740-4f78-9bde-db10e69827ad
|i f16746f7-e2e0-4d27-a03e-7c1bfa07cc07
|t 0
|
| 952 |
f |
f |
|a Texas A&M University
|b College Station
|c Electronic Resources
|d Available Online
|t 0
|e LC 14.25/2:IN 11549/
|h Superintendent of Documents classification
|
| 998 |
f |
f |
|a LC 14.25/2:IN 11549/
|t 0
|l Available Online
|